000 00555nam a22001697a 4500
005 20251108172322.0
008 250721s1992 xx 000 0 ara d
082 1 4 _aط/923.2564/عبد
100 1 _aنجم، أحمد سعيد
245 1 0 _aالقائد الوطني الشهير عبد القادر الحسيني /
264 1 _aبيروت :
_bالمكتبة المبتدأ للطباعة و النشر،
_c1992.
300 _a29ص
490 0 _aالمكتبة الوطنية ؛1
650 1 7 _aالتراجم
942 _2ddc
_cBK
999 _c76069
_d76069